000 00834cab a2200301 4500
001 ABS57438
008 090401t1997 xxu||||| |||| 00| 0 eng d
035 _a(Sirsi) u80212
041 _aeng
245 _aFocus: Dorset and South Wiltshire
260 _c1997
350 _a0
490 _aEstates Gazette
_v(9731) 2 August 1997, 71-89(11)
650 _aBOURNEMOUTH
650 _aDORCHESTER
650 _aDORSET
650 _aINDUSTRIAL MARKET
650 _aPROPERTY-COMMERCIAL PROPERTY-OFFICE PROPERTY-OFFICE PROPERTY MARKET
650 _aPOOLE
650 _aPORTLAND
650 _aPROPERTY-COMMERCIAL PROPERTY-RETAIL PROPERTY-RETAIL PROPERTY MARKET
650 _aSALISBURY
650 _aSOUTH WILTSHIRE
650 _aWEYMOUTH
690 _aPROPERTY-COMMERCIAL PROPERTY
942 _n0
948 _c11/08/1997
999 _c50484
_d50484